The Least Developed Countries in the post-Covid World: Learning from 50 years of experience (Record no. 80668)

MARC details
000 -LEADER
fixed length control field 00940nam a2200169 a 4500
008 - FIXED-LENGTH DATA ELEMENTS--GENERAL INFORMATION
fixed length control field 220624s2021 ||||||||||||||||| || u
020 ## - INTERNATIONAL STANDARD BOOK NUMBER
International Standard Book Number 9789211130065
050 ## - LIBRARY OF CONGRESS CALL NUMBER
Classification number UNCTAD(058)LDCR/2021
110 ## - MAIN ENTRY--CORPORATE NAME
Corporate name or jurisdiction name as entry element United Nations Conference on Trade and Development (UNCTAD)
245 14 - TITLE STATEMENT
Title The Least Developed Countries in the post-Covid World: Learning from 50 years of experience
Statement of responsibility, etc. By United Nations Conference on Trade and Development (UNCTAD)
260 ## - PUBLICATION, DISTRIBUTION, ETC.
Place of publication, distribution, etc. New york
Name of publisher, distributor, etc. UNITED NATIONS
Date of publication, distribution, etc. 2021
300 ## - PHYSICAL DESCRIPTION
Extent xiv, 144pages : illustrations
650 #0 - SUBJECT ADDED ENTRY--TOPICAL TERM
Topical term or geographic name entry element ECONOMIC DEVELOPMENT--DEVELOPING COUNTRIES
650 #0 - SUBJECT ADDED ENTRY--TOPICAL TERM
Topical term or geographic name entry element DEVELOPING COUNTRIES--ECONOMIC CONDITIONS
995 ## -
-- SPECIAL COLLECTIONS
-- 4890
-- CBU-MAIN LIBRARY (Kitwe)
-- UNCTAD(058)LDCR/2021B
-- 2
-- AVAILABLE
-- Jul 7, 2022
-- B4890
-- International Publications
995 ## -
-- SPECIAL COLLECTIONS
-- 4846
-- CBU-MAIN LIBRARY (Kitwe)
-- UNCTAD(058)LDCR/2021A
-- 1
-- AVAILABLE
-- Jun 24, 2022
-- B4846
-- International Publications
999 ## -
-- 80668
-- 80668

No items available.